00303nam a2200121Ia 4500008004100000041001200041082001100053100001700064245006900081260000600150650000600156700001900162221030s9999 xx 000 0 und d aEnglish a105.23 aS. L. Kakani 0aText book of electronics ed.IIcby S. L. Kakani, K. C. Bhandari c0 aB aK. C. Bhandari